Planning and designing buildings (Record no. 70473)

000 -LEADER
fixed length control field 00407nam a22001697a 4500
003 - CONTROL NUMBER IDENTIFIER
control field NUST - PNEC
005 - DATE AND TIME OF LATEST TRANSACTION
control field 20170116181140.0
008 - FIXED-LENGTH DATA ELEMENTS--GENERAL INFORMATION
fixed length control field 151008b xxu||||| |||| 00| 0 eng d
020 ## - INTERNATIONAL STANDARD BOOK NUMBER
International Standard Book Number -
040 ## - CATALOGING SOURCE
Transcribing agency LIBRARY
082 ## - DEWEY DECIMAL CLASSIFICATION NUMBER
Classification number 690 SAN
100 ## - MAIN ENTRY--PERSONAL NAME
9 (RLIN) 14620
Personal name Sane, Y.S.
245 ## - TITLE STATEMENT
Title Planning and designing buildings
Statement of responsibility, etc. Y.S. Sane
260 ## - PUBLICATION, DISTRIBUTION, ETC.
Date of publication, distribution, etc. c.1964
650 ## - SUBJECT ADDED ENTRY--TOPICAL TERM
9 (RLIN) 14633
Topical term or geographic name entry element Buildings
General subdivision IME
942 ## - ADDED ENTRY ELEMENTS (KOHA)
Source of classification or shelving scheme
Koha item type Book
Holdings
Withdrawn status Lost status Source of classification or shelving scheme Damaged status Not for loan Permanent Location Current Location Shelving location Date acquired Total Checkouts Full call number Barcode Date last seen Price effective from Koha item type
          Pakistan Navy Engineering College (PNEC) Pakistan Navy Engineering College (PNEC)       690 SAN PNECLIB-001935 10/08/2015   Book
© 2023 Central Library, National University of Sciences and Technology. All Rights Reserved.